DIRITTO DI CRONACA (Record n. 105496)

Dettagli MARC
000 -LEADER
fixed length control field 01444agaaa2200325 4500
001 - CONTROL NUMBER
control field 0774
003 - CONTROL NUMBER IDENTIFIER
control field IT-RoPAU
005 - DATE AND TIME OF LATEST TRANSACTION
control field 20220918181233.0
007 - PHYSICAL DESCRIPTION FIXED FIELD--GENERAL INFORMATION
fixed length control field d cvaizq
008 - FIXED-LENGTH DATA ELEMENTS--GENERAL INFORMATION
fixed length control field 50131s9999||||xx ||| | || ||und||
040 ## - CATALOGING SOURCE
Original cataloging agency IT-RoPAU
Transcribing agency IT-RoPAU
041 ## - LANGUAGE CODE
Language code of text/sound track or separate title ITALIANO
100 ## - MAIN ENTRY--PERSONAL NAME
Personal name Pollack Sydney
Miscellaneous information Codice regista SPICS: 1628
9 (RLIN) 41740
130 ## - MAIN ENTRY--UNIFORM TITLE
Uniform title DIRITTO DI CRONACA
9 (RLIN) 41741
240 ## - UNIFORM TITLE
Uniform title ABSENCE OF MALICE
Miscellaneous information T1838
245 ## - TITLE STATEMENT
Title DIRITTO DI CRONACA
Statement of responsibility, etc. Prodotto da: Pollack Sidney -- Sceneggiatura: Luedtke Kurt -- Diretto da: Pollack Sydney
Name of part/section of a work DIRITTO DI CRONACA (Rif. Codice opera principale : V0774)
246 ## - VARYING FORM OF TITLE
Title proper/short title ABSENCE OF MALICE
250 ## - EDITION STATEMENT
Edition statement Edizione Standard
260 ## - PUBLICATION, DISTRIBUTION, ETC. (IMPRINT)
Place of publication, distribution, etc. (USA)
Name of publisher, distributor, etc. COLUMBIA FILM / Distribuzione: SPF FIRENZE
Date of manufacture "1981 (1° ed.: 1993 ; Ed. Lingua Orig.: 1981)"
300 ## - PHYSICAL DESCRIPTION
Extent 16MM
Other physical details sonoro, col.
Dimensions 120 minuti
508 ## - CREATION/PRODUCTION CREDITS NOTE
Creation/production credits note "Fotografia: Roizman Owen; Montaggio: Kahn Sheldon; Musica: Grusin Dave; Sceneggiatura: Luedtke Kurt; "
511 ## - PARTICIPANT OR PERFORMER NOTE
Participant or performer note "Newman Paul; Field Sally; Primus Barry; Hood Don; Sommer Joseph; Dillon Melinda"
520 ## - SUMMARY, ETC.
Summary, etc. FILM A COLORI. PELLICOLA IN BUONO STATO. PER TRAMA VEDI VIDEOCASSETTA:9960/26208.
538 ## - SYSTEM DETAILS NOTE
System details note MONO
546 ## - LANGUAGE NOTE
Language note ITALIANO
650 ## - SUBJECT ADDED ENTRY--TOPICAL TERM
Topical term or geographic name as entry element DRAMMATICO
Relator term PELLICOLE CINEMA [16 MM]
General subdivision Codice MATERIA SPICS: 9955
9 (RLIN) 41742
700 ## - ADDED ENTRY--PERSONAL NAME
Personal name Grusin Dave
Relator term (musica)
Miscellaneous information Codice Musica SPICS: 9602
9 (RLIN) 41743
700 ## - ADDED ENTRY--PERSONAL NAME
Personal name Pollack Sydney
Relator term (regista)
Miscellaneous information Codice regista SPICS: 1628
9 (RLIN) 41744
942 ## - ADDED ENTRY ELEMENTS (KOHA)
Koha item type 16 MM
Source of classification or shelving scheme Dewey Decimal Classification
Dati di copia
Withdrawn status Lost status Damaged status Not for loan Home library Current library Date acquired Total Checkouts Full call number Date last seen Price effective from Koha item type Public note
    Buone Condizioni Not For Loan SPICS-MEDIATECA SPICS-MEDIATECA 31/01/2015   V0774 31/01/2015 31/01/2015 16 MM Progr. Ins.: 997 / N.Vol.:3 / Copie: 1 / Pag.:0 / Copia rara: n.d. / date import: 1.2.2015 / By Epidotti, Trombetti, Vaglietti - CUSTODITA PRESSO FILMOTECA VATICANA
CREDITS: SOCIETA' SAN PAOLO Via A.Severo, 58 - ROMA (RM) & PERIODICI SAN PAOLO SRL Via Giotto, 36 MILANO & CISF Via Giotto, 36 MILANO & EDIZIONI SAN PAOLO SRL,  Piazza Soncino, 5 CINISELLO BALSAMO (MI) -- ITALY